| 000 | 01099cam a2200217 4500 | ||
|---|---|---|---|
| 001 | ABS64495 | ||
| 008 | 011004n2001 000 0 eng u | ||
| 035 | _a(Sirsi) u115007 | ||
| 245 | _aSpecial report on call centres and serviced offices | ||
| 260 | _c2001 | ||
| 490 |
_aProperty Week _v66(39) 28 September 2001, 45-58(8) |
||
| 520 | _aAmong the issues considered in this special report are the state of the serviced office market. While there has been a downturn in the south-east, discusses activities in other parts of the UK where this downturn has been less pronounced. Includes a discussion of the reasons why funds are currently reluctant to invest in call centres. Also looks at the growing trend among international corporations to relocate their support operations to India. Considers whether this development could spell the end for Britain's booming call centre market. | ||
| 590 | _aABS | ||
| 650 | _aSERVICED OFFICES | ||
| 650 | _aCALL CENTRES | ||
| 650 | _aMARKET | ||
| 650 | _aINVESTORS | ||
| 650 | _aINDIA | ||
| 690 | _aPROPERTY-COMMERCIAL PROPERTY | ||
| 942 | _n0 | ||
| 999 |
_c68488 _d68488 |
||